00930nam a2200169Ia 4500999001500000003000400015008004100019100002400060245004800084260003400132300000700166650001800173942001200191952018900203952018900392952017900581 c6766d6766OSt191201s2012 xx 000 0 und d aTEITELBAUM, Michael 0aMartin Luther King JR Let Freedom Ring  bKALYANI MEDIA PVT. LTD.c2012 a85 aGeneral Books 2ddccBK 00102ddc40708GENERALaPIETbPIETcR02d2020-07-21eKalyani Nav yug Media Pvt Ltd.g275.00k271l0o921 TEMp30278r2019-12-04 00:00:00v151.25w2018-08-31yREFzHistory and Culture 00102ddc40708GENERALaPIETbPIETcR02d2020-07-21eKalyani Nav yug Media Pvt Ltd.g275.00k271l0o921 TEMp30279r2019-12-04 00:00:00v151.25w2018-08-31yREFzHistory and Culture 00102ddc40708GENERALaPIETbPIETcR02d2020-07-21eKalyani Nav yug Media Pvt Ltd.g275.00k271l0o921 TEMp30280r2019-12-04 00:00:00v151.25w2018-08-31yREFzBiography